Poemas del otro: poemas y diálogos dispersos

Сохранить в:
Библиографические подробности
Главный автор: Martínez Holger, Juan Luis (autor)
Формат:
Язык:испанский
Опубликовано: Santiago Universidad Diego Portales 2003
Предметы:
Метки: Добавить метку
Нет меток, Требуется 1-ая метка записи!

MARC

LEADER 00000nam a2200000 a 4500
001 UCL4575
003 CL-VaPUC
005 20230531074357.0
008 040116e20030000CL |||||||||||||||||spa|d
999 |c 307397  |d 307395 
020 |a 9567397317 
040 |c Pontificia Universidad Católica de Valparaíso 
082 0 4 |a Ch861  |b MAR  |2 21 
100 |a Martínez Holger, Juan Luis  |e autor  |9 863055 
245 1 0 |a Poemas del otro: poemas y diálogos dispersos 
260 |a Santiago  |b Universidad Diego Portales  |c 2003 
300 |a 113 p 
583 |a last modification  |c 20040116 00:00:00  |k Rodrigo Vera 
650 0 |a Poesías chilenas   |9 265280 
650 0 |a Literatura chilena   |9 308278 
650 0 |a Entrevistas  |9 265537 
942 |c BK  |2 ddc 
945 |d 20040116 00:00:00  |a cmena 
952 |0 0  |1 0  |4 0  |6 CH_861_000000000000000_MAR_2003  |7 0  |8 A  |9 373331  |a BIBART  |b BIBART  |d 2019-11-21  |i 3978192  |l 2  |o Ch861 MAR 2003  |p 3978192  |r 2025-03-13  |s 2024-12-09  |w 2019-11-21  |y BK  |k ART 
952 |0 0  |1 0  |4 0  |6 CH_861_000000000000000_MAR_2003  |7 0  |8 A  |9 373332  |a FDOPOS  |b FDOPOS  |d 2019-11-21  |i 4177983  |o Ch861 MAR 2003  |p 4177983  |r 2025-01-22  |w 2019-11-21  |y BK  |k MLH